Loading...
| Fine Arts - Other Fine Arts | 0 | 4 | 0 | 0 | 40 | 17 | 40.75 | 3 | 4 |
| Fine Arts - Classical Music | 0 | 3 | 0 | 0 | 30 | 62 | 76.67 | 0 | 1 |
| Religion | 0 | 2 | 0 | 1 | 20 | 111 | 111.00 | 0 | 1 |
| Science - Other Science | 0 | 1 | 0 | 0 | 10 | 71 | 71.00 | 0 | 0 |
| Literature - American Literature | 0 | 1 | 0 | 0 | 10 | 62 | 62.00 | 0 | 1 |
| Mythology | 0 | 1 | 0 | 1 | 10 | 117 | 117.00 | 0 | 0 |
| Current Events | 0 | 1 | 0 | 0 | 10 | 97 | 97.00 | 0 | 0 |
| History - European History | 0 | 1 | 0 | 1 | 10 | 118 | 118.00 | 0 | 0 |
| History - American History | 0 | 0 | 1 | 0 | -5 | 0.00 | 0 | 0 | |
| Literature - European Literature | 0 | 0 | 1 | 0 | -5 | 0.00 | 0 | 0 | |
| Geography | 0 | 0 | 1 | 0 | -5 | 0.00 | 0 | 0 |